000 00800cab a2200241 4500
001 X3609
008 090401t1996 xxu||||| |||| 00| 0 eng d
035 _a(Sirsi) u31486
041 _aeng
245 _aUninsured excess under PI insurance
260 _c1996
350 _a0
490 _aCSM (Chartered Surveyor Monthly)
_v5(8) May 1996, 58(1)
520 _aStates the amount of uninsured excess permitted under a professional indemnity insurance policy.
650 _aRICS PROFESSIONAL INDEMNITY INSURANCE RULES
650 _aPROFESSIONAL INDEMNITY INSURANCE
650 _aRICS PROFESSIONAL INDEMNITY INSURANCE RULES
650 _aUNINSURED EXCESS
690 _aINSURANCE
_96249
690 _aMANAGEMENT-BUSINESS MANAGEMENT-PROFESSIONAL PRACTICE
942 _n0
948 _c04/03/1997
999 _c21139
_d21139